[Event "Centrocoop June op-A"]
[Site "Eforie Nord"]
[Date "1999.06.??"]
[Round "?"]
[White "Prodileanu, Adrian"]
[Black "Ungureanu, Vlad"]
[Result "1/2-1/2"]
[WhiteElo "2120"]
[BlackElo "2226"]
[PlyCount "108"]
[EventDate "1999.06.??"]
[EventType "swiss"]
[EventRounds "11"]
[EventCountry "ROU"]
[SourceTitle "EXT 2004"]
[Source "ChessBase"]
[SourceDate "2003.11.25"]
[SourceVersion "1"]
[SourceVersionDate "2003.11.25"]
[SourceQuality "1"]

1. c4 Nf6 2. Nf3 g6 3. g3 Bg7 4. Bg2 0-0 5. Nc3 d6 6. 0-0 c6 7. d3 a6 8. Qc2 Bd7 9. e4 e5 10. d4 Qc7 11. dxe5 dxe5 12. c5 a5 13. Na4 Na6 14. a3 h6 15. Bd2 Rae8 16. Nb6 Be6 17. Bxa5 Nxe4 18. Qxe4 Nxc5 19. Qb4 Nd3 20. Qd2 e4 21. Ne1 Nxb2 22. Rb1 Qe5 23. Bb4 c5 24. Qxb2 Qxb2 25. Rxb2 Bxb2 26. Bxc5 Rd8 27. Bxf8 Kxf8 28. Bxe4 Bd4 29. Na4 b5 30. Nf3 bxa4 31. Bc2 Bc5 32. Bxa4 Bxa3 33. Rd1 Rxd1+ 34. Bxd1 Bb2 35. Kf1 Ke7 36. Be2 Bc3 37. Bd3 f5 38. Ke2 Kf6 39. h4 Bd5 40. Bb5 Ba5 41. Bd3 Bb6 42. Bb5 g5 43. hxg5+ hxg5 44. Bd3 Bc5 45. Nh2 Be6 46. Ba6 Bf7 47. Bd3 Bh5+ 48. f3 Be8 49. Nf1 Ke5 50. Ne3 Bxe3 51. Kxe3 f4+ 52. gxf4+ gxf4+ 53. Kf2 Kd4 54. Ba6 Bf7 1/2-1/2

[Event "Revelion op"]
[Site "Romania"]
[Date "1999.??.??"]
[Round "?"]
[White "Calauz, Radu"]
[Black "Prodileanu, Adrian"]
[Result "0-1"]
[WhiteElo "1800"]
[BlackElo "2120"]
[PlyCount "101"]
[EventDate "1999.??.??"]
[EventType "swiss"]
[EventRounds "7"]
[EventCountry "ROU"]
[SourceTitle "EXT 2004"]
[Source "ChessBase"]
[SourceDate "2003.11.25"]
[SourceVersion "1"]
[SourceVersionDate "2003.11.25"]
[SourceQuality "1"]

1. d4 e6 2. c4 Nf6 3. Nc3 Bb4 4. Nf3 c5 5. e3 cxd4 6. exd4 d5 7. a3 Bxc3+ 8. bxc3 dxc4 9. Bxc4 Qc7 10. Qd3 0-0 11. 0-0 Nbd7 12. Re1 b6 13. Bd2 Bb7 14. Ba2 Rac8 15. Rac1 Qd6 16. Bb1 Rfd8 17. Ne5 Nxe5 18. Rxe5 Qxe5 19. dxe5 Rxd3 20. Bxd3 Ng4 21. Be2 Nxe5 22. Be3 Rd8 23. Rd1 Rxd1+ 24. Bxd1 Nc4 25. Bc1 Bd5 26. f4 Kf8 27. Kf2 Ke7 28. Be2 Nd6 29. Bd3 Be4 30. Be2 Kd7 31. g3 Kc6 32. Bd2 Bd5 33. Bd3 h6 34. Bc1 Bc4 35. Bc2 Kb5 36. Ke3 Kc5 37. Bb2 Bb5 38. Bc1 Kc4 39. Kd2 Bc6 40. Bd3+ Kb3 41. Bc2+ Ka2 42. Bd3 Bd5 43. g4 Bc4 44. Bc2 Nb5 45. a4 Nd6 46. h4 Bb3 47. h5 a5 48. g5 f5 49. gxf6 gxf6 50. Bg6 f5 51. Kd3 0-1

[Event "Revelion op"]
[Site "Romania"]
[Date "1999.??.??"]
[Round "?"]
[White "Petrescu, Georgian Dorin"]
[Black "Prodileanu, Adrian"]
[Result "0-1"]
[WhiteElo "2245"]
[BlackElo "2120"]
[PlyCount "20"]
[EventDate "1999.??.??"]
[EventType "swiss"]
[EventRounds "7"]
[EventCountry "ROU"]
[SourceTitle "EXT 2004"]
[Source "ChessBase"]
[SourceDate "2003.11.25"]
[SourceVersion "1"]
[SourceVersionDate "2003.11.25"]
[SourceQuality "1"]

1. d4 Nf6 2. c4 e6 3. Nf3 b6 4. g3 Ba6 5. b3 Bb7 6. Bg2 Bb4+ 7. Nbd2 Bc3 8. Rb1 Be4 9. Nh4 Bxg2 10. Nxg2 Bxd4 0-1

[Event "Techirghiol op"]
[Site "Techirghiol"]
[Date "1999.??.??"]
[Round "?"]
[White "Prodileanu, Adrian"]
[Black "Hristodorescu, Daniel"]
[Result "1/2-1/2"]
[WhiteElo "2120"]
[BlackElo "2249"]
[PlyCount "41"]
[EventDate "1999.??.??"]
[EventType "swiss"]
[EventRounds "9"]
[EventCountry "ROU"]
[SourceTitle "EXT 2004"]
[Source "ChessBase"]
[SourceDate "2003.11.25"]
[SourceVersion "1"]
[SourceVersionDate "2003.11.25"]
[SourceQuality "1"]

1. c4 e5 2. Nc3 Bb4 3. Nd5 Be7 4. d4 Nc6 5. dxe5 Nxe5 6. Qd4 Bf6 7. Bg5 d6 8. Nxf6+ Nxf6 9. Nf3 h6 10. Bh4 Qe7 11. e3 b6 12. 0-0-0 Ned7 13. Bd3 Bb7 14. Bf5 0-0-0 15. Bxf6 gxf6 16. Nh4 Kb8 17. Bxd7 Rxd7 18. f3 Rdd8 19. e4 Qe5 20. Nf5 h5 21. g3 1/2-1/2

[Event "Centrocoop op"]
[Site "Eforie Nord"]
[Date "1997.??.??"]
[Round "?"]
[White "Bode, Dorel Ioan"]
[Black "Prodileanu, Adrian"]
[Result "1/2-1/2"]
[WhiteElo "1690"]
[BlackElo "1775"]
[PlyCount "36"]
[EventDate "1997.??.??"]
[EventType "swiss"]
[EventRounds "11"]
[EventCountry "ROU"]
[SourceTitle "EXT 2010"]
[Source "ChessBase"]
[SourceDate "2010.11.25"]
[SourceVersion "1"]
[SourceVersionDate "2010.11.25"]
[SourceQuality "1"]

1. c4 g6 2. Nf3 Bg7 3. Nc3 Nf6 4. g3 0-0 5. Bg2 d6 6. 0-0 Nc6 7. d3 e5 8. Rb1 a5 9. a3 h6 10. h3 Be6 11. Be3 Qd7 12. Kh2 Nh5 13. Qd2 Kh7 14. Ne1 f5 15. f4 exf4 16. gxf4 g5 17. Nd5 Bxd5 18. cxd5 gxf4 1/2-1/2